How to motivate people: the sunday times. / (Record no. 979)
[ view plain ]
| 000 -LEADER | |
|---|---|
| fixed length control field | 00800nam a22001697a 4500 |
| 008 - FIXED-LENGTH DATA ELEMENTS--GENERAL INFORMATION | |
| fixed length control field | 120529t xxu||||| |||| 00| 0 eng d |
| 020 ## - INTERNATIONAL STANDARD BOOK NUMBER | |
| International Standard Book Number | 0749432551 9780749432553 |
| 050 ## - LIBRARY OF CONGRESS CALL NUMBER | |
| Classification number | HF5549.5.M63.F741 |
| 100 ## - MAIN ENTRY--PERSONAL NAME | |
| Personal name | Forsyth, Patrick |
| 245 ## - TITLE STATEMENT | |
| Title | How to motivate people: the sunday times. / |
| Statement of responsibility, etc. | Patrick, Forsyth |
| 260 ## - PUBLICATION, DISTRIBUTION, ETC. | |
| Place of publication, distribution, etc. | London : |
| Name of publisher, distributor, etc. | Kogan Page, |
| Date of publication, distribution, etc. | 2000. |
| 300 ## - PHYSICAL DESCRIPTION | |
| Extent | iv, 140 p. : |
| Other physical details | ill. ; |
| Dimensions | 22 cm. |
| 505 ## - FORMATTED CONTENTS NOTE | |
| Formatted contents note | Contents: Introduction -- The Motivation process -- How people feel about work -- The Negative side of the balance -- The Positive side of the balance -- Taking the temperature -- Incentive schemes -- The Contribution of communication -- Involvement and empowerment -- Action plan. |
| 650 ## - SUBJECT ADDED ENTRY--TOPICAL TERM | |
| Topical term or geographic name entry element | Employee motivation. |
| 650 ## - SUBJECT ADDED ENTRY--TOPICAL TERM | |
| Topical term or geographic name entry element | Goal setting in personnel management. |
| 942 ## - ADDED ENTRY ELEMENTS (KOHA) | |
| Source of classification or shelving scheme | Library of Congress Classification |
| Koha item type | Books |
| Withdrawn status | Lost status | Source of classification or shelving scheme | Damaged status | Not for loan | Home library | Current library | Shelving location | Date acquired | Total Checkouts | Full call number | Barcode | Date last seen | Copy number | Price effective from | Koha item type |
|---|---|---|---|---|---|---|---|---|---|---|---|---|---|---|---|
| Library of Congress Classification | WISCONSIN INTERNATIONAL UNIVERSITY COLLEGE, GHANA - MAIN LIBRARY | WISCONSIN INTERNATIONAL UNIVERSITY COLLEGE, GHANA - MAIN LIBRARY | General Stacks | 29/05/2012 | HF5549.5.M63.F741 | 2624/12 | 29/05/2012 | 1 | 29/05/2012 | Books | |||||
| Library of Congress Classification | WISCONSIN INTERNATIONAL UNIVERSITY COLLEGE, GHANA - MAIN LIBRARY | WISCONSIN INTERNATIONAL UNIVERSITY COLLEGE, GHANA - MAIN LIBRARY | General Stacks | 29/05/2012 | HF5549.5.M63.F742 | 2625/12 | 29/05/2012 | 2 | 29/05/2012 | Books | |||||
| Library of Congress Classification | WISCONSIN INTERNATIONAL UNIVERSITY COLLEGE, GHANA - MAIN LIBRARY | WISCONSIN INTERNATIONAL UNIVERSITY COLLEGE, GHANA - MAIN LIBRARY | General Stacks | 29/05/2012 | HF5549.5.M63.F742 | 2626/12 | 29/05/2012 | 29/05/2012 | Books |
